[Event "Stek Cup"]
[Site "Tula RUS"]
[Date "2004.11.26"]
[Round "10"]
[White "Zhavoronkov,E"]
[Black "Sushkov,A"]
[Result "1-0"]
[WhiteElo "2279"]
[BlackElo "2275"]

1.Nf3 d5 2.c4 d4 3.e3 c5 4.b4 dxe3 5.fxe3 cxb4 6.d4 Nf6 7.Bd3 e6 8.O-O Be7
9.Bb2 O-O 10.Nbd2 Nc6 11.Kh1 Bd7 12.e4 g6 13.d5 exd5 14.cxd5 Na5 15.Ne5 Rc8
16.Ndc4 Nxc4 17.Nxc4 b5 18.d6 bxc4 19.dxe7 Qxe7 20.Bxf6 Qd6 21.Qc1  1-0

[Event "17th Belgrade Trophy"]
[Site "Obrenovac SCG"]
[Date "2004.11.28"]
[Round "7"]
[White "Stanojevic,B"]
[Black "Jakovljevic,Zi"]
[Result "1/2-1/2"]
[WhiteElo "2332"]
[BlackElo "2200"]

1.Nf3 d5 2.c4 c6 3.Qc2 Nf6 4.g3 g6 5.b3 Bg7 6.Bb2 b6 7.Bg2 Bb7 8.O-O O-O
9.d3 e6 10.e4 Na6 11.a3 Rc8 12.b4 Qe7 13.Re1 Rfd8 14.Nbd2 dxe4 15.dxe4 c5
16.b5 Nb8 17.Rad1 Ne8 18.Bxg7 Kxg7 19.Qc3+ Qf6 20.e5 Qe7 21.Nf1 Rxd1 22.Rxd1 Rd8
23.Rxd8 Qxd8 24.Qe3 h6 25.h4 Bxf3 26.Bxf3 f6 27.exf6+ Qxf6 28.Bg4 Nd7 29.Qxe6 Qxe6
30.Bxe6 Nf8 31.Bd5 Nc7 32.Ne3 Kf6 33.f4 Ke7 34.g4 Kd6 35.Kf2 a6 36.bxa6 Nxa6
37.Kf3 Nc7 38.Ke4 b5 39.cxb5 Nxb5 40.Nc4+ Ke7 41.Bc6 Nd4 42.Ne5 Kd6 43.Be8 Ke7
44.Bxg6 Nb5 45.g5 hxg5 46.fxg5 Nxa3 47.Bf5 c4 48.h5 c3 49.Kd3 Nb5 50.h6 Nd6  1/2-1/2

[Event "Lushki A"]
[Site "Serpukhov RUS"]
[Date "2004.11.29"]
[Round "14"]
[White "Tomashevsky,E"]
[Black "Shabanov,D"]
[Result "1-0"]
[WhiteElo "2523"]
[BlackElo "2153"]

1.Nf3 d5 2.c4 c6 3.e3 Nf6 4.Nc3 e6 5.b3 Bd6 6.Bb2 Nbd7 7.Qc2 dxc4 8.bxc4 Qc7
9.h3 b6 10.d4 e5 11.Bd3 exd4 12.exd4 O-O 13.O-O Bb7 14.Rad1 Rfe8 15.Rfe1 Nf8
16.c5 bxc5 17.dxc5 Bxc5 18.Ne4 Nxe4 19.Rxe4 Rxe4 20.Bxe4 Be7 21.Be5 Qa5 22.Qb2 Qb6
23.Qa1 f6 24.Rb1 Qa6 25.Qc3 fxe5 26.Qb3+ Kh8 27.Nxe5 g6 28.Qf7  1-0

[Event "It"]
[Site "Legnica POL"]
[Date "2004.12.03"]
[Round "1"]
[White "Czakon,J"]
[Black "Stopa,Ja"]
[Result "1/2-1/2"]
[WhiteElo "2416"]
[BlackElo "2308"]

1.Nf3 d5 2.c4 c6 3.e3 Nf6 4.d4 a6 5.Qc2 g6 6.Bd3 Bg7 7.Nbd2 O-O 8.O-O Nbd7
9.cxd5 cxd5 10.b3 b6 11.Ba3 Bb7 12.Rac1 Rc8 13.Qb1 Re8 14.h3 Rxc1 15.Rxc1 Qb8
16.Rc2 e6 17.Qf1 Rc8 18.Ne1 Rxc2 19.Nxc2 Qc8 20.f3 h5 21.Bb2 Ne8 22.g4 hxg4
23.hxg4 Nc5 24.Ba3 Nxd3 25.Qxd3 a5 26.Nb1 Ba6 27.Qc3 Qb8 28.Kg2 Bb5 29.Be7  1/2-1/2

[Event "TCh-SLO"]
[Site "Celje SLO"]
[Date "2004.12.04"]
[Round "8"]
[White "Zupe,M"]
[Black "Podkriznik,G"]
[Result "0-1"]
[WhiteElo "2394"]
[BlackElo "2373"]

1.Nf3 d5 2.c4 c6 3.b3 Bg4 4.e3 e6 5.Bb2 Nf6 6.Be2 Nbd7 7.O-O Be7 8.Nc3 O-O
9.Qc2 Re8 10.Rac1 Rc8 11.Qb1 Qa5 12.Qa1 Ba3 13.Rfd1 a6 14.Nb1 Bd6 15.a3 Qc7
16.h3 Bh5 17.b4 dxc4 18.g4 Bg6 19.Bxc4 Be4 20.Be2 h6 21.d3 Bxf3 22.Bxf3 Be5
23.Nc3 Qd8 24.Bg2 Nf8 25.Ne2 Bxb2 26.Qxb2 Ng6 27.Ng3 Nh4 28.Qb3 Nh7 29.Qc3 Ng5
30.f4 Nh7 31.Nh5 f6 32.Rc2 Qe7 33.Qc5 Qf7 34.Ng3 Nxg2 35.Kxg2 Rcd8 36.Qc4 Nf8
37.h4 Ng6 38.h5 Ne7 39.e4 Nc8 40.f5 Nd6 41.fxe6 Rxe6 42.Qd4 Qe8 43.Qa1 Qd7
44.Rcd2 Re5 45.Kf3 Nf7 46.Nf5 Qc7 47.Qa2 Kh7 48.Qc4 Rxf5+  0-1

[Event "Extraliga CZE 2004-5"]
[Site "Czech Rep CZE"]
[Date "2004.12.05"]
[Round "4"]
[White "Cvek,R"]
[Black "Haba,P"]
[Result "1/2-1/2"]
[WhiteElo "2487"]
[BlackElo "2520"]

1.Nf3 d5 2.c4 c6 3.e3 Nf6 4.Qc2 e6 5.b3 Bd6 6.Bb2 O-O 7.Be2 Re8 8.Nc3 e5
9.cxd5 cxd5 10.Nb5 Nc6 11.Nxd6 Qxd6 12.d4 Nb4 13.Qd1 e4 14.Ne5 Be6 15.a3 Nc6
16.O-O Rec8 17.Qd2 Nd7  1/2-1/2

[Event "TCh-SWE Elitserien 2004-5"]
[Site "Stockholm/Eksjo SWE"]
[Date "2004.12.05"]
[Round "5"]
[White "Friberg,H"]
[Black "Tadjerbashi,A"]
[Result "1-0"]
[WhiteElo "2233"]
[BlackElo "2176"]

1.Nf3 d5 2.c4 c6 3.d4 Nf6 4.Nc3 e6 5.cxd5 exd5 6.Qc2 g6 7.Bg5 Be7 8.e3 Bf5
9.Bd3 Bxd3 10.Qxd3 Nbd7 11.O-O O-O 12.a3 a5 13.Rab1 Re8 14.Rfc1 Ne4 15.Bxe7 Qxe7
16.Qc2 f5 17.b4 axb4 18.axb4 Ra3 19.Rb3 Rea8 20.Qb2 Rxb3 21.Qxb3 Nxc3 22.Qxc3 Ra4
23.Rb1 Qd8 24.g3 Qa8 25.b5 Rc4 26.Qb2 b6 27.bxc6 Qxc6 28.Ne5 Nxe5 29.dxe5 d4
30.exd4 b5 31.Re1 Rc2 32.Qb1 Rd2 33.Qb4 Qc2 34.Rf1 Rd1 35.Qxb5 Qd3 36.Qd5+ Kg7
37.Rxd1 Qxd1+ 38.Kg2 Qa4 39.e6 h5 40.Qe5+ Kh6 41.Qh8+ Kg5 42.f4+  1-0

[Event "FSIM December"]
[Site "Budapest HUN"]
[Date "2004.12.07"]
[Round "4"]
[White "Solomons,D"]
[Black "Zaragatski,I"]
[Result "1-0"]
[WhiteElo "2249"]
[BlackElo "2334"]

1.Nf3 d5 2.c4 dxc4 3.Qa4+ Nc6 4.Qxc4 e5 5.d3 Bd6 6.g3 Nge7 7.Bg2 O-O 8.O-O Be6
9.Qa4 f6 10.Nc3 Nf5 11.Ne4 Ncd4 12.Nxd4 Nxd4 13.e3 Nc6 14.d4 exd4 15.exd4 Ne7
16.Nxd6 Qxd6 17.Bxb7 Rab8 18.Bg2 Bd5 19.Bf4 Qd8 20.b3 Bxg2 21.Kxg2 Nd5 22.Bd2 f5
23.Qc4 f4 24.Rfe1 Qd7 25.Re5 f3+ 26.Kh1 c6 27.Rc1 Rf6 28.Rce1 Rbf8 29.Rh5 Re6
30.Rxe6 Qxe6 31.Kg1 Kh8 32.Qd3 g6 33.Re5 Qh3 34.Qf1 Qg4 35.Bh6 Rg8 36.Bg5 Qxd4
37.Qe1 h6 38.Re4 Qg7 39.Bxh6 Qxh6 40.Rh4 Qxh4 41.gxh4 Rf8 42.Qe6 Rf6 43.Qc8+ Kg7
44.Qb7+ Kh6 45.Qxa7 Re6 46.h3 Nf4 47.Kh2 g5 48.Kg3 Rf6 49.hxg5+ Kxg5 50.Qd4 Rf7
51.h4+  1-0

[Event "It"]
[Site "Legnica POL"]
[Date "2004.12.08"]
[Round "8"]
[White "Cicak,S"]
[Black "Lagowski,P"]
[Result "1-0"]
[WhiteElo "2545"]
[BlackElo "2406"]

1.Nf3 d5 2.c4 c6 3.e3 Nf6 4.b3 g6 5.Bb2 Bg7 6.Be2 O-O 7.O-O c5 8.cxd5 Nxd5
9.Bxg7 Kxg7 10.Qc2 Qd6 11.Nc3 Nb4 12.Qb2 Kg8 13.a3 N4c6 14.Rac1 b6 15.d4 cxd4
16.exd4 a6 17.d5 Na7 18.Qd2 Nd7 19.Ne4 Qxa3 20.Ra1  1-0

[Event "22nd Cairnhill Open"]
[Site "Singapore SIN"]
[Date "2004.12.08"]
[Round "7"]
[White "Villamayor,B"]
[Black "Sadorra,J"]
[Result "0-1"]
[WhiteElo "2463"]
[BlackElo "2300"]

1.Nf3 d5 2.c4 e6 3.d4 c5 4.cxd5 exd5 5.Nc3 Nc6 6.g3 Nf6 7.Bg2 Be7 8.O-O O-O
9.Bf4 Bg4 10.dxc5 Bxc5 11.Rc1 d4 12.Na4 Bb6 13.h3 Be6 14.Ne5 Bd5 15.Bxd5 Qxd5
16.Qb3 Rfe8 17.Nxc6 bxc6 18.Qxd5 Nxd5 19.Rxc6 Rxe2 20.Rd1 Nxf4 21.gxf4 g6
22.Rd3 Ba5 23.Rd6 Be1 24.Rf3 Rc8 25.Rxd4 Rcc2 26.Rd8+ Kg7 27.Nc3 Bxf2+ 28.Kg2 Bh4+
29.Nxe2 Rxe2+ 30.Kf1 Re1+ 31.Kg2 Bxd8  0-1

[Event "Open"]
[Site "Ashdod ISR"]
[Date "2004.12.10"]
[Round "2"]
[White "Deutsch,E"]
[Black "Mikhalevski,V"]
[Result "0-1"]
[WhiteElo "2339"]
[BlackElo "2566"]

1.Nf3 d5 2.c4 d4 3.d3 c5 4.b4 cxb4 5.a3 e6 6.g3 Nc6 7.Bg2 a5 8.O-O Nf6 9.Nbd2 Ra6
10.axb4 Bxb4 11.Ba3 O-O 12.Bxb4 Nxb4 13.Nb3 Nc6 14.Ra3 e5 15.Qa1 b6 16.Nfd2 Nb4
17.Rc1 Bg4 18.Kf1 Qc8 19.c5 Bh3 20.cxb6 Bxg2+ 21.Kxg2 Nc2 22.Rxc2 Qxc2 23.Nc4 Nd7
24.b7 Qxe2 25.Nbxa5 Rf6 26.Qf1 Qf3+ 27.Kg1 Nc5 28.Nxe5 Qd5  0-1

[Event "IX It"]
[Site "Elgoibar ESP"]
[Date "2004.12.11"]
[Round "1"]
[White "Mirzoev,A"]
[Black "Flear,G"]
[Result "1-0"]
[WhiteElo "2513"]
[BlackElo "2457"]

1.Nf3 d5 2.c4 d4 3.b4 f6 4.e3 e5 5.Qa4+ c6 6.Be2 d3 7.Bd1 e4 8.Nd4 f5 9.Bb2 Nf6
10.O-O a5 11.a3 Na6 12.c5 Bd7 13.Nc3 axb4 14.axb4 Nc7 15.Qb3 Rxa1 16.Bxa1 Be7
17.f3 Ncd5 18.fxe4 fxe4 19.Nxd5 Nxd5 20.Bh5+ g6 21.Nxc6 bxc6 22.Bxh8 gxh5
23.Qc4 Qb8 24.Qxe4 Qxb4 25.Qxh7 Kd8 26.Qxd3 Qxc5 27.Bd4 Qd6 28.Qh7 h4 29.Qh8+ Be8
30.Ra1 Qg6 31.h3 Kd7 32.Kh1 Ke6 33.Qe5+ Kf7 34.Rf1+ Bf6 35.Qd6 Kg7 36.Bxf6+ Nxf6
37.Qe7+ Bf7 38.Rf4 Qg5 39.Rg4  1-0

[Event "IX It"]
[Site "Elgoibar ESP"]
[Date "2004.12.12"]
[Round "2"]
[White "Felgaer,R"]
[Black "Perez Candelario,Man"]
[Result "1/2-1/2"]
[WhiteElo "2569"]
[BlackElo "2474"]

1.Nf3 d5 2.c4 c6 3.d4 Nf6 4.Nc3 e6 5.g3 Bb4 6.Bg2 Ne4 7.Bd2 Nxd2 8.Nxd2 O-O
9.O-O b6 10.Qb3 Na6 11.Rfd1 Bb7 12.Rac1 Rc8 13.a3 Be7 14.e3 Rc7 15.Qa2 Qa8
16.b4 Rcc8 17.Nf3 dxc4 18.Ne5 b5 19.Qb1  1/2-1/2

[Event "III Pereyra Mem"]
[Site "Mendoza ARG"]
[Date "2004.12.12"]
[Round "4"]
[White "Flores,Di"]
[Black "Farfan Ortiz,A"]
[Result "1-0"]
[WhiteElo "2480"]
[BlackElo "2246"]

1.Nf3 d5 2.c4 c6 3.e3 Nf6 4.Nc3 e6 5.b3 Nbd7 6.Bb2 Bd6 7.Rc1 O-O 8.Bd3 e5
9.cxd5 cxd5 10.Bb1 a6 11.g4 d4 12.Ne2 d3 13.Ng3 e4 14.g5 exf3 15.gxf6 Nxf6
16.Qxf3 Bg4 17.Qg2 Bxg3 18.Qxg3 Be2 19.Rg1 g6 20.Qe5 Kg7 21.Rc5 Re8 22.Qc3 Re6
23.b4 Qd6 24.Rg3 Rd8 25.a3 b6 26.Rc4 Qd5 27.f3 Bxf3 28.Rf4 Rxe3+ 29.Kf1 Be2+
30.Kf2 Rxg3 31.Qxf6+ Kf8 32.Kxg3 Rd7 33.Qh8+  1-0

[Event "XVII Torre Mem"]
[Site "Yucatan MEX"]
[Date "2004.12.13"]
[Round "1"]
[White "Alayola,J"]
[Black "Vera,R"]
[Result "0-1"]
[WhiteElo "2160"]
[BlackElo "2461"]

1.Nf3 d5 2.c4 e6 3.d4 Nf6 4.Nc3 c6 5.cxd5 exd5 6.Bg5 Be7 7.e3 Bf5 8.Bd3 Bxd3
9.Qxd3 Nbd7 10.O-O O-O 11.Rab1 a5 12.a3 Re8 13.Rfc1 Ne4 14.Bxe7 Qxe7 15.Qc2 Nd6
16.Na4 g6 17.Nc5 Nxc5 18.Qxc5 a4 19.Ne5 Kg7 20.Qb4 f6 21.Nd3 Nc8 22.Qxe7+ Rxe7
23.Rc2 h5 24.Rbc1 Nd6 25.Nc5 Kf7 26.Kf1 Nf5 27.Rc3 Nd6 28.R3c2 Ra7 29.Rc3 g5
30.R3c2 Ke8 31.Ke2 Kd8 32.Kf1 Kc7 33.Ke2 Ra8 34.Kf1 h4 35.Ke2 g4 36.g3 Rh7
37.Ne6+ Kb6 38.Nc5 Kc7 39.Ne6+ Kd7 40.Nc5+ Ke7 41.Rg1 hxg3 42.hxg3 Rh2 43.Rcc1 b6
44.Nd3 Nc4 45.Rh1 Rah8 46.Rxh2 Rxh2 47.Rg1 Kd6 48.Rc1 Kd7 49.Rg1 Nd6 50.Rc1 Ne4
51.Kf1 Rh1+ 52.Ke2 Rh2 53.Kf1 Kd6 54.Kg1 Rh8 55.Kg2 Ng5 56.Rh1 Rxh1 57.Kxh1 Ne4
58.Kg2 Nd2 59.f4 gxf3+ 60.Kf2 c5 61.Ne1 f5 62.Nd3 Kc6 63.dxc5 bxc5 64.Ne5+ Kb5
65.Nxf3 Ne4+ 66.Kg2  0-1

[Event "XVII Torre Mem"]
[Site "Yucatan MEX"]
[Date "2004.12.13"]
[Round "1"]
[White "Garcia Martinez,S"]
[Black "Guerrero Rodriguez,Alej"]
[Result "1-0"]
[WhiteElo "2374"]
[BlackElo "2102"]

1.Nf3 d5 2.c4 dxc4 3.Qa4+ c6 4.Qxc4 Nf6 5.g3 g6 6.Bg2 Bg7 7.O-O O-O 8.Nc3 Be6
9.Qh4 Na6 10.d3 Nc7 11.Bh6 Nh5 12.Bxg7 Kxg7 13.Ng5 h6 14.Nxe6+ Nxe6 15.Rfd1 Nd4
16.e3 Ne6 17.Qc4 Nf6 18.d4 Qc7 19.Rac1 Rac8 20.e4 Rfd8 21.a4 Qb6 22.Bh3 c5
23.d5 Nd4 24.Bxc8 Rxc8 25.Rxd4 cxd4 26.Qxc8  1-0

[Event "Open"]
[Site "Zadar CRO"]
[Date "2004.12.13"]
[Round "1"]
[White "Franic,M"]
[Black "Saric,B"]
[Result "1-0"]
[WhiteElo "2414"]
[BlackElo "1954"]

1.Nf3 d5 2.c4 c6 3.d4 Nf6 4.Nc3 g6 5.Bf4 e6 6.e3 Bg7 7.Be2 O-O 8.O-O Nbd7
9.b4 dxc4 10.Bxc4 Nb6 11.Qb3 Nxc4 12.Qxc4 Nd5 13.Be5 Bh6 14.Rab1 Bxe3 15.fxe3 Nxe3
16.Qe2 Nxf1 17.Rxf1 f6 18.Bg3 a5 19.b5 cxb5 20.Qxb5 Ra6 21.Rd1 Qb6 22.Qe2 a4
23.Ne4 Bd7 24.Nc5 Bb5 25.Qb2 a3 26.Qb1 Ra5 27.Nd7 Qa7 28.Nxf8 Kxf8 29.Be1  1-0

[Event "III Pereyra Mem"]
[Site "Mendoza ARG"]
[Date "2004.12.14"]
[Round "6"]
[White "Brauer,C"]
[Black "Luconi,C"]
[Result "1/2-1/2"]
[WhiteElo "2155"]
[BlackElo "2258"]

1.Nf3 d5 2.c4 e6 3.d4 c6 4.g3 Nf6 5.Bg2 Nbd7 6.Qc2 Bd6 7.O-O Ne4 8.b3 Qe7
9.Bb2 f5 10.Nbd2 O-O 11.e3 Qf6 12.Ne1 Qh6 13.f4 Ndf6 14.Ndf3 Bd7 15.Nd3 Be8
16.Nfe5 Bh5 17.Bf3 Bxf3 18.Rxf3 Qh5 19.Rff1 Kh8 20.a4 Bxe5 21.Nxe5 Ng4 22.Nxg4 Qxg4
23.Rfe1 Rf6 24.Qe2 Qh3 25.Qg2 Qh6 26.b4 Rg8 27.b5 g5 28.bxc6 bxc6 29.Ra3 Rfg6
30.cxd5 cxd5 31.Rb3 gxf4 32.exf4 Qxf4 33.Bc1 Qc7 34.Kh1 f4 35.Qf3 fxg3 36.Bf4 Nf2+
37.Kg2 gxh2+ 38.Kxf2 Rg2+ 39.Ke3 Qxf4+ 40.Kxf4 Rf8+ 41.Ke5 Rxf3 42.Rxf3 Rg1
43.Rff1 h1=Q 44.Rxg1 Qh3 45.Ref1 h5 46.Rf8+ Kh7 47.Rf7+ Kh8 48.Rf8+ Kh7  1/2-1/2

[Event "Master Open"]
[Site "Singapore SIN"]
[Date "2004.12.14"]
[Round "6"]
[White "Fadli,Z"]
[Black "Sadorra,J"]
[Result "0-1"]
[WhiteElo "2200"]
[BlackElo "2300"]

1.Nf3 d5 2.c4 e6 3.b3 c5 4.g3 Nc6 5.Bb2 Nf6 6.Bg2 Be7 7.O-O O-O 8.cxd5 exd5
9.d4 Bg4 10.dxc5 Bxc5 11.Nc3 a6 12.Na4 Ba7 13.Bxf6 Qxf6 14.Rc1 Rad8 15.Nc5 Qe7
16.Nd3 Rfe8 17.h3 Bf5 18.Re1 Qd7 19.Nf4 Bb8 20.Qd2 Bc7 21.Red1 Bxf4 22.Qxf4 Bxh3
23.e3 Bxg2 24.Kxg2 Re4 25.Qg5 Re6 26.Rc5 Rh6 27.Ng1 d4 28.exd4 Nxd4 29.Qe5 Rd6
30.Rdc1 Re6  0-1

[Event "Master Open"]
[Site "Singapore SIN"]
[Date "2004.12.15"]
[Round "7"]
[White "Fadli,Z"]
[Black "Lubis,E"]
[Result "0-1"]
[WhiteElo "2200"]
[BlackElo "2249"]

1.Nf3 d5 2.c4 c6 3.b3 Bf5 4.Bb2 e6 5.g3 Nf6 6.Bg2 Nbd7 7.O-O Bd6 8.d3 Qe7
9.Nbd2 O-O 10.Re1 e5 11.Nh4 Bg6 12.e4 dxe4 13.Nxe4 Nxe4 14.dxe4 Bb4 15.Re2 Rfd8
16.a3 Nf8 17.Qc2 Bc5 18.Nxg6 hxg6 19.b4 Bd4 20.Bh3 Ne6 21.Bxe6 Qxe6 22.c5 a5
23.Rb1 axb4 24.Bxd4 Rxd4 25.axb4 Rad8 26.Kg2 g5 27.h3 Rd3 28.Re3 Rxe3 29.fxe3 g4
30.hxg4 Ra8 31.b5 Ra3 32.bxc6 bxc6 33.Qd2 Qe7 34.Qf2 g6 35.Rc1 Qg5 36.Re1 Qxg4
37.Qc2 Qe6 38.Re2 Kg7 39.Qb2 Ra4 40.Rd2 Rxe4 41.Rd6 Qc4 42.Qf2 f5 43.Rxc6 Qc1
44.Rc7+ Kh6 45.Kf3 Qh1+ 46.Ke2 Ra4 47.Rd7 Qh5+ 48.Kd3 Qd1+ 49.Qd2 Qf1+ 50.Kc3 Qc4+  0-1

[Event "IX It"]
[Site "Elgoibar ESP"]
[Date "2004.12.17"]
[Round "7"]
[White "Ivanov,J"]
[Black "Felgaer,R"]
[Result "1-0"]
[WhiteElo "2395"]
[BlackElo "2569"]

1.Nf3 d5 2.c4 d4 3.e3 Nc6 4.exd4 Nxd4 5.Nxd4 Qxd4 6.Nc3 e5 7.d3 Ne7 8.Be2 Nf5
9.g4 Nh4 10.Rg1 Be6 11.Be3 Qd7 12.Qb3 Qc6 13.Ne4 Be7 14.O-O-O a6 15.Qc3 f6
16.f4 exf4 17.Bxf4 O-O-O 18.Kb1 Rhe8 19.Bg3 f5 20.gxf5 Bxf5 21.Be5 Bc5 22.Rxg7 Rxe5
23.Qxe5 Bd4 24.Qe7 Qb6 25.Rd2 Ng6 26.Qf7 Be6 27.Rxg6 hxg6 28.Qe7 Bf5 29.Bf3 Rh8
30.h4 Kb8 31.a3 a5 32.Ka2 Bc3 33.Re2 Bd4 34.Rd2 a4 35.Bd1 Qc6 36.Qb4 Bd7
37.Rh2 Be5 38.Rh1 b6 39.h5 g5 40.Rg1 Bf4 41.Nxg5 Be3 42.Nf7 Bxg1 43.Nxh8 Qf6
44.Ng6 Bc5 45.Qe1 Bd4 46.Qe2 b5 47.Qe7 Qf5 48.Qd8+ Kb7 49.Bf3+ Qxf3 50.Qxd7 Qxh5
51.Qxd4 Qxg6 52.cxb5 Qe6+ 53.Qc4 Qh3 54.d4  1-0

[Event "Open"]
[Site "Lindsborg USA"]
[Date "2004.12.17"]
[Round "1"]
[White "Kraai,J"]
[Black "Mokriak,L"]
[Result "1-0"]
[WhiteElo "2425"]
[BlackElo "2181"]

1.Nf3 d5 2.c4 e6 3.cxd5 exd5 4.g3 c6 5.Bg2 Bd6 6.O-O Bg4 7.Nc3 Nd7 8.e4 d4
9.Ne2 c5 10.d3 Ne7 11.Nh4 Qc7 12.h3 Be6 13.Nf4 O-O-O 14.Nxe6 fxe6 15.Qg4 Kb8
16.Qxe6 Ne5 17.Qb3 N5g6 18.Nxg6 hxg6 19.Bg5 Rdf8 20.e5 Bxe5 21.Bxe7 Qxe7
22.Rae1 Rf5 23.f4  1-0

[Event "Master Open"]
[Site "Singapore SIN"]
[Date "2004.12.17"]
[Round "8"]
[White "Wang Rui"]
[Black "Sadorra,J"]
[Result "1-0"]
[WhiteElo "2484"]
[BlackElo "2300"]

1.Nf3 d5 2.c4 e6 3.d4 c5 4.cxd5 exd5 5.Nc3 Nc6 6.g3 Nf6 7.Bg2 Be7 8.O-O O-O
9.Bg5 c4 10.Ne5 Be6 11.b3 Qa5 12.Qd2 Rad8 13.Rfd1 Nxe5 14.dxe5 d4 15.exf6 dxc3
16.Qc2 Bxf6 17.Bxf6 gxf6 18.bxc4 Bxc4 19.Bxb7 Rb8 20.Rd4 Be6 21.Bd5 Rb2 22.Qe4 Bh3
23.Rc1 c2 24.Qd3 Rfb8 25.Bxf7+ Kg7 26.Bb3 Rc8 27.Rd7+  1-0

[Event "Open"]
[Site "Lindsborg USA"]
[Date "2004.12.21"]
[Round "8"]
[White "Kraai,J"]
[Black "Becerra Rivero,J"]
[Result "0-1"]
[WhiteElo "2425"]
[BlackElo "2537"]

1.Nf3 d5 2.c4 c6 3.e3 Nf6 4.Nc3 a6 5.b3 Bg4 6.Be2 e6 7.h3 Bh5 8.O-O Nbd7
9.d4 Bd6 10.Bb2 Qb8 11.Qc2 O-O 12.e4 Nxe4 13.Nxe4 dxe4 14.Qxe4 Bg6 15.Qe3 Bf4
16.Qc3 Nf6 17.Rad1 Rd8 18.Ne5 Ne4 19.Qa5 Bf5 20.c5 Nf6 21.g3 Bxe5 22.dxe5 Rxd1
23.Rxd1 Nd5 24.h4 h6 25.f4 Qf8 26.h5 Qe7 27.Kf2 Rd8 28.Bd4 Nxf4 29.gxf4 Qh4+
30.Ke3 Qg3+ 31.Bf3 Rxd4 32.Rxd4 Qg1+ 33.Ke2 Qxd4 34.Qd2 Qxc5  0-1

[Event "Asian Juniors"]
[Site "Bikaner IND"]
[Date "2004.12.24"]
[Round "4"]
[White "Sriram,S"]
[Black "Hasan,Me"]
[Result "1/2-1/2"]
[WhiteElo "2260"]
[BlackElo "2251"]

1.Nf3 d5 2.c4 c6 3.d4 Nf6 4.e3 Bf5 5.Nc3 e6 6.Nh4 Bg6 7.Qb3 Qb6 8.Nxg6 hxg6
9.Qc2 Nbd7 10.cxd5 cxd5 11.Bd2 Rc8 12.Qb3 a6 13.Bd3 Bd6 14.f4 Qxb3 15.axb3 Ng4  1/2-1/2

[Event "Asian Juniors Girls"]
[Site "Bikaner IND"]
[Date "2004.12.25"]
[Round "5"]
[White "Gomes,M"]
[Black "Kavitha,J"]
[Result "1-0"]
[WhiteElo "2183"]
[BlackElo "2088"]

1.Nf3 d5 2.c4 e6 3.b3 c5 4.Bb2 d4 5.b4 b6 6.b5 Nd7 7.e4 Ngf6 8.d3 Bd6 9.g3 e5
10.Bg2 Nf8 11.Nh4 Bb7 12.O-O Ne6 13.Bc1 g5 14.Nf5 Bc7 15.Nd2 a6 16.bxa6 Rxa6
17.Nf3 Nd7 18.h4 h6 19.Nh2 Ndf8 20.Qh5 Qf6 21.hxg5 Nxg5 22.f4 Nge6 23.fxe5 Qg6
24.Qh4 Ng5 25.Ng4 Bc8 26.Nd6+ Bxd6 27.exd6 Qxd6 28.Nf6+ Ke7 29.Bxg5 Ng6 30.Nd5+ Kd7
31.Nf6+ Kd8 32.Bf4 Qe6 33.Qh5 Ra3 34.Nd5 Rxd3 35.Bc7+ Kd7 36.Bh3 Rxg3+ 37.Bxg3  1-0

[Event "Asian Juniors Girls"]
[Site "Bikaner IND"]
[Date "2004.12.27"]
[Round "8"]
[White "Harika,D"]
[Black "Raghavi,N"]
[Result "1-0"]
[WhiteElo "2391"]
[BlackElo "2117"]

1.Nf3 d5 2.c4 c6 3.d4 e6 4.Qc2 Be7 5.Nc3 Nf6 6.Bg5 Nbd7 7.e3 O-O 8.Rd1 Qa5
9.a3 h6 10.Bh4 dxc4 11.Bxc4 e5 12.O-O exd4 13.Nxd4 Nb6 14.Ba2 Nbd5 15.Nf5 Bd8
16.Nd6 Bg4 17.Rd4 Qc7 18.Nxd5 Nxd5 19.Bxd5 cxd5 20.Qxc7 Bxc7 21.Nb5 Be2 22.Nxc7 Bxf1
23.Nxa8 Be2 24.Nc7 Rc8 25.Bg3 Ra8  1-0

[Event "Open A"]
[Site "Krakow POL"]
[Date "2004.12.27"]
[Round "1"]
[White "Cyborowski,L"]
[Black "Czarnota,D"]
[Result "1-0"]
[WhiteElo "2564"]
[BlackElo "2196"]

1.Nf3 d5 2.c4 c6 3.e3 Nf6 4.b3 Bg4 5.Bb2 e6 6.Be2 Bd6 7.O-O Nbd7 8.Nc3 O-O
9.d4 Qe7 10.h3 Bh5 11.Nd2 Bxe2 12.Qxe2 e5 13.dxe5 Qxe5 14.Nf3 Qh5 15.cxd5 cxd5
16.Rfd1 Rad8 17.Nd4 Qxe2 18.Ndxe2 Nb6 19.Nb5 Bb8 20.Bxf6 gxf6 21.Rd3 Rd7
22.Rad1 Rfd8 23.a4 a5 24.Ned4 Kh8 25.Nf5 Rc8 26.g4 Be5 27.Kg2 Kg8 28.e4 h5
29.exd5 Kh7 30.d6 Rcd8 31.Rc1 Nc8 32.Rc4 Nb6 33.Rc5 hxg4 34.hxg4 Kg6 35.Rh3 Kg5
36.Kf3 Kg6 37.Rh6+ Kg5 38.Rxe5 fxe5 39.Nc3  1-0

[Event "Czech Christmas"]
[Site "Litomysl CZE"]
[Date "2004.12.27"]
[Round "2"]
[White "Mrna,V"]
[Black "Splosnov,S"]
[Result "0-1"]
[WhiteElo "2150"]
[BlackElo "2367"]

1.Nf3 d5 2.c4 e6 3.g3 Nf6 4.Bg2 dxc4 5.Qa4+ Qd7 6.Qxc4 Qc6 7.b3 Bd7 8.O-O Qxc4
9.bxc4 Bc6 10.Nc3 a6 11.Rb1 Nbd7 12.d4 Ne4 13.Bb2 Nxc3 14.Bxc3 Be4 15.Rb2 Nb6
16.Nd2 Bxg2 17.Kxg2 Na4 18.Rb3 Nxc3 19.Rxc3 Bb4 20.Rd3 Bxd2 21.Rxd2 O-O-O
22.a4 c5 23.e3 Rd6 24.a5 Rhd8 25.Rfd1 cxd4 26.exd4 Rc6 27.Rc2 Rc5 28.dxc5 Rxd1
29.c6 bxc6 30.Rb2 Ra1 31.Rb6 Rxa5 32.Rxc6+ Kb7 33.Rd6 Rc5 34.Rd4 a5 35.Kf3 a4
36.Ke3 Ra5 37.Rd2 a3 38.Ra2 Kc6 39.Kd4 e5+  0-1

[Event "Open"]
[Site "Pamplona ESP"]
[Date "2004.12.27"]
[Round "7"]
[White "Jerez Perez,A"]
[Black "Magem Badals,J"]
[Result "1/2-1/2"]
[WhiteElo "2434"]
[BlackElo "2500"]

1.Nf3 d5 2.c4 c6 3.b3 Bg4 4.Bb2 Bxf3 5.gxf3 Nd7 6.f4 Ngf6 7.Bg2 e6 8.Nc3 g6
9.e3 Bg7 10.O-O O-O 11.d4 a6 12.c5 Ne8 13.b4 f5 14.a4  1/2-1/2

[Event "Russian Blitz Internet Cup Superfinal"]
[Site "chessassistantclub.com INT"]
[Date "2004.12.28"]
[Round "4"]
[White "Grischuk,A"]
[Black "Bareev,E"]
[Result "1/2-1/2"]
[WhiteElo "2704"]
[BlackElo "2715"]

1.Nf3 d5 2.c4 d4 3.g3 c5 4.b4 cxb4 5.a3 bxa3 6.d3 Nc6 7.Bxa3 e5 8.Bxf8 Kxf8
9.Bg2 g6 10.O-O Kg7 11.Nbd2 Nf6 12.Ng5 Qc7 13.Qb3 Bf5 14.Rfb1 Rab8 15.Qa4 h6
16.Nge4 Nxe4 17.Nxe4 b6 18.c5 Bxe4 19.Bxe4 Na5 20.Rc1 Rhc8 21.Kg2 Qe7 22.cxb6 axb6
23.Qb5 Qd6 24.Rab1 Rxc1 25.Rxc1 Rd8 26.Bf3 h5 27.h4 Qe6 28.Rc7 Rd6 29.Ra7 Nb3
30.Ra8 Nc5 31.Re8 Qf5 32.Qb4 Re6 33.Ra8 Qf6 34.Qc4 Rd6 35.Re8 Re6 36.Rc8 Rd6
37.Qa2 Rd8 38.Rc7 Rd7 39.Rc6 Rd6 40.Rc8 Rd8 41.Rc6 Rd6 42.Rc8  1/2-1/2

[Event "20th Open"]
[Site "Nice FRA"]
[Date "2004.12.28"]
[Round "4"]
[White "Issermann,R"]
[Black "Mallet,L"]
[Result "1/2-1/2"]
[WhiteElo "2325"]
[BlackElo "2120"]

1.Nf3 d5 2.c4 e6 3.b3 Nf6 4.Bb2 Be7 5.g3 O-O 6.Bg2 c5 7.O-O Nc6 8.e3 b6 9.Qe2 Bb7
10.d3 Rc8 11.Nc3 dxc4 12.dxc4 Qc7 13.e4 Rfd8 14.e5 Ne8 15.h4 Rd7 16.Rad1 Rcd8
17.Rxd7 Qxd7 18.Rd1 Qc8 19.a3 Rxd1+ 20.Nxd1 Na5 21.Qc2 Qd8 22.Ne3 Qa8 23.Nd2 Bxg2
24.Nxg2 Qd8 25.Nf4 Nc6 26.Qd3 Qxd3 27.Nxd3 f6 28.Bc3 Kf7 29.b4 cxb4 30.axb4 Nxe5
31.Bxe5 fxe5 32.Nxe5+ Kf6 33.Nc6 a6 34.Kg2 e5 35.Nf3 Bd6 36.Ng5 h6 37.Ne4+ Ke6
38.c5 bxc5 39.bxc5 Bc7 40.Kf3 a5 41.Nc3 Nf6 42.Na7 Nd5 43.Na4 Kf5 44.g4+ Ke6
45.h5 Nf6 46.Nc3 Nd5 47.Na4 Nf6  1/2-1/2

[Event "34th Rilton Cup"]
[Site "Stockholm SWE"]
[Date "2004.12.28"]
[Round "2"]
[White "Tetenkina,I"]
[Black "Gleizerov,E"]
[Result "0-1"]
[WhiteElo "2255"]
[BlackElo "2539"]

1.Nf3 d5 2.c4 d4 3.e3 Nc6 4.exd4 Nxd4 5.Nxd4 Qxd4 6.Nc3 c6 7.d3 Nh6 8.Be3 Qd6
9.Be2 Nf5 10.O-O g6 11.Qa4 Nxe3 12.fxe3 Bh6 13.Nd1 O-O 14.Qb3 c5 15.Qc3 b6
16.Bf3 Rb8 17.Kh1 Rd8 18.Be2 f5 19.e4 fxe4 20.dxe4 Qd2 21.Qe5 Rb7 22.Bf3 Bf4
23.Qc3 Be6 24.b3 Qd6 25.e5 Bxe5 26.Qe1 Rbd7 27.Nc3 Bxc3 28.Qxc3 Bf7 29.Bg4 Be6
30.Rad1 Qc6 31.Bxe6+ Qxe6 32.Rde1 Qc6 33.h3 Rd2 34.Qf3 Qxf3 35.Rxf3 Rd1 36.Re3 Rxe1+
37.Rxe1 Kf7 38.Re2 e6 39.Kg1 Kf6 40.Rf2+ Ke7 41.Re2 Rd3 42.Kf2 Kf6 43.Ke1 e5
44.Rf2+ Ke7 45.Re2 Ke6 46.Rf2 Re3+ 47.Kf1 Rc3 48.Ke1 e4 49.Rf8 Rc2 50.Re8+ Kf6
51.Rxe4 Rxg2 52.Rf4+ Kg7 53.Re4 Rxa2  0-1

[Event "Open A"]
[Site "Krakow POL"]
[Date "2004.12.29"]
[Round "3"]
[White "Wojtaszek,R"]
[Black "Czarnota,P"]
[Result "1/2-1/2"]
[WhiteElo "2536"]
[BlackElo "2416"]

1.Nf3 d5 2.c4 c6 3.e3 Nf6 4.Qc2 g6 5.b3 Bg7 6.Bb2 O-O 7.d3 Re8 8.Nbd2 b6
9.a3 Bb7 10.Be2 Nbd7 11.O-O e5 12.cxd5 cxd5 13.Rac1 Qe7 14.Qb1 Rec8 15.Rxc8+ Rxc8
16.Rc1 Rxc1+ 17.Qxc1 Ne8 18.d4 e4 19.Ne1 Qd6 20.Nb1 a6 21.a4 Qc7 22.Qxc7 Nxc7
23.f4 Bf8 24.Ba3 Bxa3 25.Nxa3 Nb8 26.g4 f6 27.Nec2 Kf7 28.Nb1 Nc6 29.Kf2 Nd8
30.Nc3 Ke7 31.h4 Nf7 32.b4 Kd6 33.Na1 Bc8 34.Nb3 f5 35.g5 Nd8 36.a5 b5 37.h5 Nc6
38.Na2 Ke7 39.h6 Kf7 40.Ke1 Ke7 41.Kd2 Kf7  1/2-1/2